[Event "41st Pan-American U20"]
[Site "Guatape COL"]
[Date "2016.06.23"]
[Round "6.10"]
[White "Ostrovskiy, Aleksandr A"]
[Black "Tapia, Alexei"]
[Result "1-0"]
[WhiteElo "2390"]
[BlackElo "2204"]
[EventDate "2016.06.20"]
[PlyCount "99"]

1.e4 c5 2.Nf3 e6 3.d4 cxd4 4.Nxd4 Nc6 5.Nc3 a6 6.Nxc6 bxc6 7.Bd3 d5 8.O-O 
Nf6 9.Qe2 Be7 10.b3 Qa5 11.Na4 O-O 12.e5 Nd7 13.Bd2 Qc7 14.f4 Nc5 15.Nxc5 
Bxc5+ 16.Kh1 g6 17.b4 Be7 18.c4 dxc4 19.Be4 Rd8 20.Rfc1 Bb7 21.Rxc4 Qd7 
22.Rc2 Qd4 23.Rb1 Rd7 24.Be1 Qb6 25.Rcc1 Rad8 26.a4 Rd4 27.Bc3 R4d7 28.Be1
Rd4 29.Bc3 R4d7 30.Qf3 Rc8 31.Be1 Qa7 32.Bf2 Qa8 33.a5 c5 34.Bxb7 Qxb7 35.
Qxb7 Rxb7 36.bxc5 Rbc7 37.c6 Rxc6 38.Rxc6 Rxc6 39.g3 Rc2 40.Rb8+ Kg7 41.
Bb6 Bb4 42.Bd8 Be1 43.Ra8 Kh6 44.g4 Bd2 45.Bg5+ Kg7 46.Bf6+ Kh6 47.Bg5+ 
Kg7 48.Be7 g5 49.Bf6+ Kh6 50.Rg8 1-0

[Event "41st Pan-American U20"]
[Site "Guatape COL"]
[Date "2016.06.23"]
[Round "6.11"]
[White "Campos Jimenez, Augusto Cesar"]
[Black "Obando Guzman, Soren Federico"]
[Result "1-0"]
[WhiteElo "2337"]
[BlackElo "1992"]
[EventDate "2016.06.20"]
[PlyCount "117"]

1.e4 c5 2.Nf3 d6 3.Nc3 Nf6 4.e5 dxe5 5.Nxe5 a6 6.g3 Nbd7 7.Nc4 b5 8.Bg2 
Rb8 9.Ne3 e6 10.O-O Bb7 11.d3 Be7 12.a4 O-O 13.axb5 axb5 14.f4 Bxg2 15.
Kxg2 Qb6 16.Qf3 Rfe8 17.Bd2 Bf8 18.g4 b4 19.Ne4 Qb7 20.Nxf6+ Nxf6 21.Qxb7 
Rxb7 22.b3 e5 23.fxe5 Rxe5 24.Kf3 h5 25.h3 Rd7 26.Nc4 Re6 27.Rfe1 hxg4+ 
28.hxg4 Rxe1 29.Bxe1 Rd4 30.g5 Nh7 31.Bd2 Be7 32.Ra8+ Nf8 33.Be3 Rd5 34.
Ke4 Rd7 35.Rc8 f6 36.gxf6 gxf6 37.Bxc5 Kf7 38.Nb6 Rb7 39.Nd5 Bxc5 40.Rxc5 
Ne6 41.Rc4 Ng5+ 42.Kf4 Ne6+ 43.Kf3 Ng5+ 44.Ke3 Rb5 45.Nxb4 Re5+ 46.Kd2 
Nf3+ 47.Kc3 Kg6 48.Nc6 Re1 49.b4 Rb1 50.Rf4 Ng5 51.Ne7+ Kf7 52.Nd5 Nh7 53.
Kd4 Ke6 54.c4 f5 55.b5 Ng5 56.Ne3 Nf7 57.Rxf5 Nd6 58.Re5+ Kd7 59.Nf5 1-0

[Event "41st Pan-American U20"]
[Site "Guatape COL"]
[Date "2016.06.23"]
[Round "6.12"]
[White "Filipps, Yamil"]
[Black "Escalante Ramirez, Brian Sebas"]
[Result "0-1"]
[WhiteElo "2164"]
[BlackElo "2300"]
[EventDate "2016.06.20"]
[PlyCount "70"]

1.d4 f5 2.Nf3 Nf6 3.Bf4 g6 4.e3 d6 5.Bc4 e6 6.O-O Bg7 7.h3 Qe7 8.Nbd2 Nbd7
9.c3 h6 10.Qc2 O-O 11.Bh2 Kh7 12.Bb3 e5 13.dxe5 dxe5 14.Nc4 Ne4 15.Rfd1 
Nec5 16.Rd2 a5 17.a4 b6 18.Na3 Nxb3 19.Qxb3 Nc5 20.Qd1 Be6 21.c4 Rad8 22.
Qc2 Rxd2 23.Nxd2 f4 24.e4 Rd8 25.Nb3 Nxb3 26.Qxb3 Rd2 27.Qc3 Qb4 28.Rb1 
Qxc3 29.bxc3 Bf8 30.Nb5 Bxc4 31.Nxc7 Bd3 32.Ra1 Bc5 33.Nd5 Kg7 34.Nc7 
Bxf2+ 35.Kh1 Bxe4 0-1

[Event "41st Pan-American U20"]
[Site "Guatape COL"]
[Date "2016.06.23"]
[Round "6.13"]
[White "Cuellar, Diego"]
[Black "Zapata Arbelaez, Estiven"]
[Result "1-0"]
[WhiteElo "2357"]
[BlackElo "2102"]
[EventDate "2016.06.20"]
[PlyCount "123"]

1.e4 e5 2.Nf3 Nc6 3.Bb5 a6 4.Ba4 Nf6 5.O-O b5 6.Bb3 Be7 7.d3 d6 8.c3 Na5 
9.Bc2 c5 10.Re1 O-O 11.Nbd2 Nc6 12.Nf1 Be6 13.a4 b4 14.Bb3 bxc3 15.bxc3 
Bxb3 16.Qxb3 Rb8 17.Qc2 d5 18.Bg5 d4 19.cxd4 Nxd4 20.Nxd4 Qxd4 21.Be3 Qd6 
22.Nd2 Rbd8 23.Ra3 Ng4 24.Nc4 Qe6 25.Bd2 f5 26.f3 Nh6 27.Bxh6 gxh6 28.exf5
Rxf5 29.Rb3 Kh8 30.Re4 Bg5 31.Qe2 Re8 32.Rb6 Qd7 33.Nd6 Rf6 34.Rxe5 Rd8 
35.Rxg5 hxg5 36.Qe5 Qe6 37.Nf7+ Qxf7 38.Rxf6 Qg7 39.Rf5 Qxe5 40.Rxe5 h6 
41.Rxc5 Rxd3 42.Rc6 Kg7 43.Rxa6 Rd2 44.h3 h5 45.h4 gxh4 46.Kh2 Rd1 47.Re6 
Ra1 48.Re4 Kf6 49.Rxh4 Kg5 50.Rb4 Ra2 51.Kh3 Ra1 52.Kg3 Ra2 53.f4+ Kg6 54.
Rb6+ Kf5 55.Rb5+ Kg6 56.a5 Ra4 57.Rc5 Kh6 58.Rc6+ Kg7 59.a6 Kh7 60.Kf3 Kg7
61.g3 Ra3+ 62.Kg2 1-0

[Event "41st Pan-American U20"]
[Site "Guatape COL"]
[Date "2016.06.23"]
[Round "6.14"]
[White "Husbands, Orlando"]
[Black "Cotto Mux, Hector Vinicio"]
[Result "1-0"]
[WhiteElo "2233"]
[BlackElo "1939"]
[EventDate "2016.06.20"]
[PlyCount "91"]

1.e4 c5 2.Nf3 Nc6 3.d4 cxd4 4.Nxd4 g6 5.Nc3 Bg7 6.Be3 Nf6 7.Bc4 O-O 8.Bb3 
Ng4 9.Qxg4 Nxd4 10.Qd1 Nxb3 11.axb3 b6 12.Qd5 Bxc3+ 13.bxc3 Qc7 14.O-O Bb7
15.Qd3 Qe5 16.f3 d5 17.exd5 Qxd5 18.Qxd5 Bxd5 19.Rfd1 Be6 20.Ra6 Bf5 21.
Rd2 Rfb8 22.g4 Bc8 23.Rd8+ Kg7 24.Bd4+ f6 25.Ra1 a5 26.g5 Bf5 27.gxf6+ 
exf6 28.Rd6 Rb7 29.Rxf6 Kg8 30.Rxb6 Rxb6 31.Bxb6 Bxc2 32.b4 a4 33.Kf2 Kf7 
34.Ke3 Ke6 35.c4 Kd6 36.Kd4 Kc6 37.Ba5 Rf8 38.b5+ Kb7 39.c5 Rf4+ 40.Kc3 
Bb3 41.c6+ Kc8 42.Re1 Bf7 43.Rd1 Rxf3+ 44.Kb2 a3+ 45.Kc1 Kb8 46.b6 1-0

[Event "41st Pan-American U20"]
[Site "Guatape COL"]
[Date "2016.06.23"]
[Round "6.15"]
[White "Rosero, Jefferson"]
[Black "Squella Lavin, Carlos Felipe"]
[Result "1/2-1/2"]
[WhiteElo "2090"]
[BlackElo "2221"]
[EventDate "2016.06.20"]
[PlyCount "171"]

1.e4 e6 2.d4 d5 3.Nc3 Bb4 4.e5 b6 5.Bd2 Nc6 6.Qg4 Bf8 7.a3 Qd7 8.Be3 Bb7 
9.Bd3 Nge7 10.Qf3 Ng6 11.h4 O-O-O 12.Nce2 Qe8 13.Ng3 Be7 14.Qg4 h5 15.Nxh5
Nxh4 16.Bg5 Ng6 17.O-O-O Ngxe5 18.dxe5 Nxe5 19.Qg3 f6 20.Nxg7 Qf7 21.Bh6 
Rdg8 22.Nf3 Nxd3+ 23.cxd3 Bf8 24.Nd4 Bxg7 25.Bxg7 Rxh1 26.Rxh1 Rxg7 27.
Rh8+ Kd7 28.Qh3 Bc8 29.Rh5 c6 30.Rh8 c5 31.Qh2 cxd4 32.Qb8 Rg8 33.Rh7 Qxh7
34.Qxa7+ Kd6 35.Qxh7 Rxg2 36.Qh4 Ke5 37.Qh5+ Kd6 38.Qh8 Ba6 39.Qxf6 Bxd3 
40.Qxd4 Be4 41.Qxb6+ Ke5 42.Qc5 Rg1+ 43.Kd2 Rb1 44.a4 Rxb2+ 45.Ke3 Rb3+ 
46.Kd2 Rb2+ 47.Ke1 Rc2 48.Qe3 Rc4 49.a5 d4 50.Qg5+ Bf5 51.Qg3+ Ke4 52.a6 
Ra4 53.Qb8 Ra1+ 54.Kd2 Ra2+ 55.Kc1 d3 56.Qb7+ Kf4 57.Qc7+ Kg5 58.Qg7+ Kh5 
59.Qf7+ Kg4 60.a7 Kf3 61.Qh5+ Kg2 62.Qg5+ Kf1 63.Qe3 d2+ 64.Kd1 Kg2 65.
Qg3+ Kf1 66.Qe3 Kg2 67.Qg3+ Kf1 68.f4 Be4 69.Qh3+ Kf2 70.Qh2+ Ke3 71.Qe2+ 
Kxf4 72.Qc4 Rxa7 73.Kxd2 Rd7+ 74.Ke1 e5 75.Qf1+ Bf3 76.Qc4+ e4 77.Kf2 Rd2+
78.Ke1 Rg2 79.Kf1 Rg5 80.Kf2 Rg2+ 81.Kf1 Rg5 82.Kf2 Rf5 83.Qc7+ Re5 84.
Qf7+ Kg5 85.Ke3 Rf5 86.Qg7+ 1/2-1/2

[Event "41st Pan-American U20"]
[Site "Guatape COL"]
[Date "2016.06.23"]
[Round "6.16"]
[White "Noboa, Kevin"]
[Black "Salcedo, Pablo Esteban"]
[Result "1-0"]
[WhiteElo "2201"]
[BlackElo "2035"]
[EventDate "2016.06.20"]
[PlyCount "81"]

1.e4 c5 2.c3 Nf6 3.e5 Nd5 4.d4 cxd4 5.cxd4 e6 6.Nc3 Nxc3 7.bxc3 Qc7 8.Bd2 
d6 9.f4 Be7 10.Nf3 Bd7 11.Bd3 d5 12.O-O Nc6 13.Rb1 Na5 14.Qe2 a6 15.Ng5 g6
16.Kh1 h6 17.Nh3 b5 18.Be1 Nc4 19.Nf2 Rc8 20.g4 Qa7 21.Nd1 a5 22.f5 b4 23.
fxg6 fxg6 24.Bxg6+ Kd8 25.Rf3 Na3 26.Rc1 Nb5 27.Bf2 bxc3 28.Nxc3 Rc4 29.
Qd3 Ba3 30.Bh4+ Kc8 31.Nxb5 Rxc1+ 32.Kg2 Bxb5 33.Qxb5 Qxd4 34.Qa6+ Kb8 35.
Bf2 Qxg4+ 36.Rg3 Qc4 37.Qb6+ Kc8 38.Qxe6+ Kc7 39.Qb6+ Kd7 40.Bf5+ Ke8 41.
Qg6+ 1-0

[Event "41st Pan-American U20"]
[Site "Guatape COL"]
[Date "2016.06.23"]
[Round "6.17"]
[White "Soto, Miguel Angel"]
[Black "Rengifo Blancas, Renzo Jhonath"]
[Result "0-1"]
[WhiteElo "1972"]
[BlackElo "2140"]
[EventDate "2016.06.20"]
[PlyCount "98"]

1.e4 d6 2.d4 Nf6 3.f3 e5 4.dxe5 dxe5 5.Qxd8+ Kxd8 6.Bc4 Ke8 7.Be3 Nbd7 8.
Nc3 c6 9.O-O-O Bc5 10.Bxc5 Nxc5 11.Nge2 b5 12.Bb3 Ke7 13.Ng3 g6 14.Rd2 
Nxb3+ 15.axb3 Be6 16.Rhd1 h5 17.Kb1 a5 18.Na2 Nd7 19.Nc1 a4 20.Rd6 Rhc8 
21.Nge2 axb3 22.Nxb3 c5 23.Nc3 b4 24.Rxd7+ Bxd7 25.Nd5+ Ke6 26.Nb6 c4 27.
Nc1 Bc6 28.Nxa8 Rxa8 29.b3 cxb3 30.cxb3 Bb5 31.Kb2 f5 32.exf5+ gxf5 33.Na2
Rg8 34.Rd2 e4 35.fxe4 fxe4 36.g3 e3 37.Rd1 Rd8 38.Kc2 Rc8+ 39.Kb2 Ke5 40.
Nxb4 e2 41.Ra1 Ke4 42.Na2 Kd3 43.Nc1+ Kd2 44.Nxe2 Bxe2 45.Ra5 Ke3 46.Rf5 
Bg4 47.Re5+ Kf2 48.h3 Bf3 49.Rg5 Kg2 0-1

[Event "41st Pan-American U20"]
[Site "Guatape COL"]
[Date "2016.06.23"]
[Round "6.18"]
[White "Quinonez Garcia, Santiago"]
[Black "Olarte Parra, Jhoan Sebastian"]
[Result "1-0"]
[WhiteElo "2125"]
[BlackElo "2001"]
[EventDate "2016.06.20"]
[PlyCount "93"]

1.e4 c6 2.d4 d5 3.exd5 cxd5 4.c4 Nc6 5.Nf3 Nf6 6.Nc3 Bg4 7.cxd5 Nxd5 8.Bc4
e6 9.O-O Nb6 10.Bb5 Be7 11.h3 Bh5 12.g4 Bg6 13.Ne5 Rc8 14.Qf3 Nd5 15.Nxd5 
Qxd5 16.Qxd5 exd5 17.Bf4 O-O 18.Nxc6 bxc6 19.Ba6 Rb8 20.Bxb8 Rxb8 21.b3 
Ba3 22.Rad1 f6 23.Bd3 Bf7 24.Bf5 g6 25.Bd7 Rb6 26.Rfe1 Kf8 27.Re2 c5 28.
dxc5 Bxc5 29.Rc1 Bd6 30.Rc6 d4 31.Rxb6 axb6 32.Bb5 Bb4 33.Bc4 Bxc4 34.bxc4
d3 35.Re3 d2 36.Rd3 Ke7 37.Kf1 Ke6 38.Ke2 Ke5 39.a3 Ba5 40.Rd5+ Kf4 41.
Rxa5 bxa5 42.Kxd2 Ke4 43.Kc3 Ke5 44.Kd3 f5 45.f3 h5 46.gxh5 gxh5 47.h4 1-0

[Event "41st Pan-American U20"]
[Site "Guatape COL"]
[Date "2016.06.23"]
[Round "6.20"]
[White "Lopez Gonzalez, Carlos Andres"]
[Black "Posada, Juan Manuel"]
[Result "0-1"]
[WhiteElo "1482"]
[BlackElo "2041"]
[EventDate "2016.06.20"]
[PlyCount "78"]

1.e4 c5 2.Nf3 d6 3.d4 cxd4 4.Nxd4 Nf6 5.Nc3 a6 6.g3 e5 7.Nb3 Nbd7 8.Bg2 b5
9.a3 Be7 10.O-O O-O 11.h3 Nb6 12.Na5 Qc7 13.Be3 Nc4 14.Nxc4 Qxc4 15.Qd3 
Be6 16.Qxc4 bxc4 17.Rfd1 Rab8 18.Rab1 Rb7 19.Nd5 Nxd5 20.exd5 Bf5 21.Rdc1 
Rfb8 22.Bf1 c3 23.b3 Ra8 24.Bc4 Bxh3 25.Rd1 Bf5 26.Rbc1 h5 27.f3 g5 28.Kf2
g4 29.fxg4 Bxg4 30.Rh1 f5 31.Rh2 Kf7 32.Re1 h4 33.gxh4 f4 34.Bc1 Bd8 35.
Be2 Bb6+ 36.Kg2 Bf5 37.Kf1 Rg8 38.Bh5+ Kf6 39.Rh1 Bxc2 0-1

[Event "41st Pan-American U20"]
[Site "Guatape COL"]
[Date "2016.06.23"]
[Round "6.21"]
[White "Ruiz Agudelo, Santiago"]
[Black "Yepez, Yeison Alexander"]
[Result "0-1"]
[WhiteElo "1722"]
[BlackElo "1968"]
[EventDate "2016.06.20"]
[PlyCount "74"]

1.e4 c5 2.Nf3 d6 3.d4 cxd4 4.Nxd4 Nf6 5.Nc3 a6 6.Bc4 e6 7.Bb3 b5 8.O-O Be7
9.Qf3 Qc7 10.Qg3 O-O 11.Bh6 Ne8 12.Rad1 Kh8 13.Bg5 Nf6 14.Rfe1 h6 15.Bxf6 
Bxf6 16.Nf3 Be7 17.Nd4 Bd7 18.f4 Nc6 19.Nxc6 Qxc6 20.f5 a5 21.a4 bxa4 22.
Bxa4 Qb6+ 23.Qe3 Qxe3+ 24.Rxe3 Bxa4 25.Nxa4 Rac8 26.Nc3 Rc5 27.Rdd3 Rb8 
28.b3 Rbc8 29.fxe6 fxe6 30.h3 R8c6 31.Ne2 Bf6 32.c4 a4 33.bxa4 Rxc4 34.a5 
Kg8 35.Ra3 Ra6 36.Kh1 Rc5 37.Red3 Be5 0-1

[Event "41st Pan-American U20"]
[Site "Guatape COL"]
[Date "2016.06.23"]
[Round "6.23"]
[White "Calero, Hector Andres"]
[Black "Correa, Daniel"]
[Result "1-0"]
[WhiteElo "1845"]
[BlackElo "1716"]
[EventDate "2016.06.20"]
[PlyCount "69"]

1.e4 c5 2.Nf3 d6 3.d4 cxd4 4.Nxd4 Nf6 5.Nc3 g6 6.Be3 Bg7 7.f3 O-O 8.Qd2 
Nc6 9.O-O-O Nxd4 10.Bxd4 Be6 11.Kb1 a6 12.g4 Qa5 13.Nd5 Qxd2 14.Nxe7+ Kh8 
15.Rxd2 Rfe8 16.Bxf6 Bxf6 17.Nd5 Bg5 18.Rd1 Rac8 19.h4 Bd8 20.g5 Kg7 21.
Bh3 Rc6 22.Nf4 Bxh3 23.Rxh3 f6 24.Rdh1 Rh8 25.h5 fxg5 26.Ne6+ Kf6 27.Nd4 
Rc4 28.c3 gxh5 29.Rxh5 Kg6 30.Rh6+ Kg7 31.Ne6+ Kf7 32.Nxd8+ Rxd8 33.Rxh7+ 
Kf6 34.R1h6+ Ke5 35.Rf7 1-0

[Event "41st Pan-American U20"]
[Site "Guatape COL"]
[Date "2016.06.23"]
[Round "6.24"]
[White "Fernandez, Nelson Wilfredo"]
[Black "Gomez Morales, Juan Sebastian"]
[Result "1-0"]
[WhiteElo "1814"]
[BlackElo "1729"]
[EventDate "2016.06.20"]
[PlyCount "23"]

1.e4 c5 2.Nf3 a6 3.c3 d5 4.exd5 Qxd5 5.d4 e6 6.Be3 Nd7 7.Nbd2 Ngf6 8.Bc4 
Qd6 9.O-O Be7 10.Bb3 Ng4 11.Ne4 Nxe3 12.Nxd6+ 1-0

[Event "41st Pan-American U20"]
[Site "Guatape COL"]
[Date "2016.06.23"]
[Round "6.26"]
[White "Benjumea Rave, Jaime Stiden"]
[Black "Acevedo Del Rio, Andres F"]
[Result "1-0"]
[WhiteElo "1775"]
[BlackElo "1835"]
[EventDate "2016.06.20"]
[PlyCount "57"]

1.d4 Nf6 2.Nc3 e6 3.e4 d5 4.exd5 Nxd5 5.Bd3 Bb4 6.Bd2 b6 7.a3 Be7 8.Qf3 
Bb7 9.Nge2 Bf6 10.Ne4 c6 11.c4 Nc7 12.Bf4 Be7 13.Qg3 Nca6 14.Qxg7 Rf8 15.
Bh6 f5 16.Ng5 Kd7 17.Nxe6 Kxe6 18.Qe5+ Kd7 19.Bxf8 Qxf8 20.Bxf5+ Kd8 21.
Nf4 Qf7 22.Qh8+ Bf8 23.Ne6+ Ke7 24.O-O Qxf5 25.Nxf8 Qxf8 26.Rfe1+ Kf7 27.
Qxh7+ Kf6 28.Re5 Qf7 29.Rf5+ 1-0

[Event "41st Pan-American U20"]
[Site "Guatape COL"]
[Date "2016.06.24"]
[Round "7.2"]
[White "Gracia Alvarez, Gerardo An"]
[Black "Cori Quispe, Kevin Joel"]
[Result "0-1"]
[WhiteElo "2241"]
[BlackElo "2353"]
[EventDate "2016.06.20"]
[PlyCount "62"]

1.d4 Nf6 2.Nf3 g6 3.g3 Bg7 4.Bg2 O-O 5.O-O d5 6.c3 Bf5 7.Qb3 Qc8 8.Bg5 Rd8
9.Nbd2 Nbd7 10.Rfe1 c5 11.a4 h6 12.Bf4 c4 13.Qd1 g5 14.Be3 Ng4 15.Nf1 Ndf6
16.h4 Ne4 17.Qc1 f6 18.Rd1 Qe6 19.h5 Bh7 20.N3h2 f5 21.Nxg4 fxg4 22.f4 
gxf4 23.Bxf4 Qf7 24.Bxh6 Bxh6 25.Qxh6 Rf8 26.Kh2 Rad8 27.Qe3 Qxh5+ 28.Kg1 
Rd6 29.Nh2 Rh6 30.Nxg4 Rg6 31.Bxe4 dxe4 0-1

[Event "41st Pan-American U20"]
[Site "Guatape COL"]
[Date "2016.06.24"]
[Round "7.3"]
[White "Gomez Sanchez, Jorge Marcos"]
[Black "Albornoz Cabrera, Carlos Danie"]
[Result "1-0"]
[WhiteElo "2398"]
[BlackElo "2471"]
[EventDate "2016.06.20"]
[PlyCount "119"]

1.e4 c5 2.Ne2 d6 3.g3 g6 4.Bg2 Bg7 5.c3 Nc6 6.d4 cxd4 7.cxd4 Qb6 8.Nbc3 
Nxd4 9.Nd5 Qc5 10.Nxd4 Bxd4 11.Be3 Bxe3 12.fxe3 Qa5+ 13.b4 Qd8 14.Rc1 Kf8 
15.Nc7 Bg4 16.Qxg4 Rc8 17.Ne6+ fxe6 18.O-O+ Kg7 19.Qxe6 Rxc1 20.Rxc1 Nh6 
21.e5 Nf7 22.Bxb7 Nxe5 23.Rc8 Qb6 24.Qxe7+ Kh6 25.Qh4+ Kg7 26.Qe7+ Kh6 27.
Rf8 Qxe3+ 28.Kg2 Rxf8 29.Qxf8+ Kg5 30.a3 Qe2+ 31.Qf2 Qxf2+ 32.Kxf2 Nc4 33.
a4 Kf5 34.Ba6 Nb6 35.a5 Nd5 36.b5 Ke5 37.Bb7 Kd4 38.b6 axb6 39.a6 Nc7 40.
a7 b5 41.Ke2 b4 42.Kd2 b3 43.Kc1 Kc3 44.Bd5 h6 45.Be4 g5 46.Bf3 b2+ 47.Kb1
Kb3 48.Be4 Kc3 49.g4 Kb3 50.a8=Q Nxa8 51.Bxa8 Kc3 52.Bd5 Kd4 53.Bf7 Ke4 
54.Kxb2 Kf4 55.h3 d5 56.Bxd5 h5 57.gxh5 Kf5 58.Be4+ Kf6 59.h6 Kf7 60.Bh7 
1-0

[Event "41st Pan-American U20"]
[Site "Guatape COL"]
[Date "2016.06.24"]
[Round "7.4"]
[White "Santiago Vilca, Christian Amil"]
[Black "Jimenez Garcia, Emmanuel"]
[Result "1/2-1/2"]
[WhiteElo "2269"]
[BlackElo "2218"]
[EventDate "2016.06.20"]
[PlyCount "104"]

1.d4 Nf6 2.c4 b6 3.Nf3 Bb7 4.g3 g6 5.Bg2 Bg7 6.O-O O-O 7.Nbd2 c5 8.d5 e6 
9.e4 exd5 10.exd5 b5 11.Ng5 Qb6 12.a4 bxc4 13.Nxc4 Qa6 14.Na3 h6 15.Ne4 
Nxe4 16.Bxe4 Re8 17.Bg2 d6 18.Nb5 Qb6 19.Bf4 Bf8 20.b4 cxb4 21.Rc1 Na6 22.
Nd4 Nc5 23.Be3 Ba6 24.Re1 b3 25.Rb1 b2 26.Bf1 Bxf1 27.Rxf1 Bg7 28.Nc6 Qa6 
29.Bd4 Bxd4 30.Qxd4 Nxa4 31.Rfe1 Rf8 32.Re4 Nc5 33.Re3 Rae8 34.Ne7+ Kh7 
35.Qxb2 Qc4 36.Rbe1 Rxe7 37.Rxe7 Qxd5 38.Qf6 Nd3 39.Rd1 Qb3 40.Qf3 Nc5 41.
Qxb3 Nxb3 42.Rxd6 Kg7 43.Rxa7 Nc5 44.Rc6 Ne4 45.Rcc7 Nd6 46.Rd7 Nf5 47.g4 
Nh4 48.f4 g5 49.fxg5 hxg5 50.Kf2 Ng6 51.h3 Ne5 52.Re7 Nc6 1/2-1/2

[Event "41st Pan-American U20"]
[Site "Guatape COL"]
[Date "2016.06.24"]
[Round "7.5"]
[White "Ruiz Castillo, Joshua Daniel"]
[Black "Viswanadha, Kesav"]
[Result "0-1"]
[WhiteElo "2399"]
[BlackElo "2377"]
[EventDate "2016.06.20"]
[PlyCount "118"]

1.e4 e5 2.Nf3 Nc6 3.Bb5 a6 4.Ba4 Nf6 5.O-O Be7 6.Re1 b5 7.Bb3 d6 8.c3 O-O 
9.h3 Bb7 10.d4 Nd7 11.Nbd2 exd4 12.cxd4 Bf6 13.Nf1 Na5 14.Bc2 Re8 15.Ng3 
g6 16.Rb1 c5 17.d5 Nc4 18.b3 Nce5 19.Nh2 Bh4 20.Ngf1 c4 21.g3 Bf6 22.Be3 
Rc8 23.f4 Nd3 24.Bxd3 cxd3 25.Qxd3 Rc3 26.Qd2 Rxe4 27.Ng4 Bg7 28.Nf2 Re8 
29.Bd4 Bxd4 30.Qxd4 Rxe1 31.Rxe1 Qf6 32.Qa7 Rc7 33.Rd1 Qc3 34.Ne4 Qf3 35.
Qd4 Rc2 36.Rd2 Rc1 37.Rf2 Qh5 38.f5 Qd1 39.Nd2 Qe1 40.fxg6 hxg6 41.Qg4 Qe7
42.Re2 Ne5 43.Qe4 f5 44.Qg2 Qf7 45.g4 f4 46.Qe4 Qxd5 47.Qxd5+ Bxd5 48.Ne4 
Bxe4 49.Rxe4 g5 50.Re2 Kf7 51.Rf2 d5 52.Kg2 Ke6 53.Nh2 Rc3 54.h4 Kf6 55.
hxg5+ Kxg5 56.Rd2 d4 57.Kf2 Rh3 58.Nf1 d3 59.Kg2 Kxg4 0-1

[Event "41st Pan-American U20"]
[Site "Guatape COL"]
[Date "2016.06.24"]
[Round "7.6"]
[White "Nieto Rodriguez, Alejandro"]
[Black "Ostrovskiy, Aleksandr A"]
[Result "0-1"]
[WhiteElo "2203"]
[BlackElo "2390"]
[EventDate "2016.06.20"]
[PlyCount "62"]

1.d4 d5 2.Bf4 Nf6 3.e3 c5 4.Nf3 Nc6 5.c3 Qb6 6.Qb3 c4 7.Qc2 Bf5 8.Qc1 Nh5 
9.Bg3 Nxg3 10.hxg3 g6 11.Nbd2 Bg7 12.Be2 Qc7 13.Nh4 Be6 14.e4 dxe4 15.Nxc4
Rc8 16.Qd2 Bxc4 17.Bxc4 Nxd4 18.Bxf7+ Kxf7 19.cxd4 Rhd8 20.O-O Rxd4 21.Qe3
Qb6 22.Rae1 Kg8 23.Re2 Rf8 24.g4 Rb4 25.Qd2 Qb5 26.b3 Bf6 27.a4 Qd3 28.
Qxb4 Qxe2 29.g3 Bxh4 30.gxh4 Qxg4+ 31.Kh2 Rf3 0-1

[Event "41st Pan-American U20"]
[Site "Guatape COL"]
[Date "2016.06.24"]
[Round "7.7"]
[White "Acosta, Pablo Ismael"]
[Black "Campos Jimenez, Augusto Cesar"]
[Result "0-1"]
[WhiteElo "2380"]
[BlackElo "2337"]
[EventDate "2016.06.20"]
[PlyCount "74"]

1.d4 Nf6 2.c4 e6 3.Nc3 Bb4 4.e3 O-O 5.a3 Bxc3+ 6.bxc3 c5 7.Bd3 Nc6 8.Ne2 
b6 9.O-O Ba6 10.e4 Ne8 11.f4 f5 12.exf5 exf5 13.dxc5 bxc5 14.Ng3 g6 15.Be3
d6 16.Bxf5 gxf5 17.Qd5+ Rf7 18.Qxc6 Bb7 19.Qa4 h5 20.Rab1 Ng7 21.Rfe1 Qf6 
22.Bf2 h4 23.Nf1 Qg6 24.Rxb7 Rxb7 25.Qc6 Rab8 26.Bxc5 Rb2 27.Bxd6 h3 28.g3
Rg2+ 29.Kh1 Rbb2 30.Qd5+ Kh7 31.c5 Rxh2+ 32.Nxh2 Qxg3 33.Nf1 Qxe1 34.Qd3 
Qe4+ 35.Qxe4 fxe4 36.Ne3 Re2 37.Nc4 Nf5 0-1

[Event "41st Pan-American U20"]
[Site "Guatape COL"]
[Date "2016.06.24"]
[Round "7.8"]
[White "Vasquez, Guillermo"]
[Black "Cofre Archibold, Nestor"]
[Result "1-0"]
[WhiteElo "2401"]
[BlackElo "2215"]
[EventDate "2016.06.20"]
[PlyCount "47"]

1.e4 e6 2.d4 d5 3.Nd2 dxe4 4.Nxe4 Nf6 5.Nxf6+ gxf6 6.Nf3 Nc6 7.Bf4 Bd6 8.
Qd2 Qe7 9.O-O-O Bd7 10.Bc4 O-O-O 11.Rhe1 e5 12.Bd5 Rhe8 13.Bg3 Qf8 14.dxe5
fxe5 15.Ng5 Re7 16.Ne4 Be8 17.Bh4 f5 18.Nxd6+ cxd6 19.f4 e4 20.g4 Bg6 21.
Bxe7 Qxe7 22.gxf5 Bxf5 23.Re3 Kc7 24.Bxc6 1-0

[Event "41st Pan-American U20"]
[Site "Guatape COL"]
[Date "2016.06.24"]
[Round "7.9"]
[White "Ampie, Mauro"]
[Black "Husbands, Orlando"]
[Result "0-1"]
[WhiteElo "2373"]
[BlackElo "2233"]
[EventDate "2016.06.20"]
[PlyCount "126"]

1.e4 c5 2.Nc3 Nc6 3.f4 e6 4.Nf3 Nge7 5.d4 cxd4 6.Nxd4 Nxd4 7.Qxd4 Nc6 8.
Qd2 Bc5 9.b3 O-O 10.Bb2 d5 11.O-O-O d4 12.Na4 b6 13.Kb1 Qc7 14.Nxc5 bxc5 
15.c3 Rd8 16.cxd4 Nxd4 17.Qe3 Bb7 18.Bc4 a5 19.a4 e5 20.f5 Rd6 21.f6 Rxf6 
22.Rhf1 Rf4 23.g3 Rxf1 24.Rxf1 Rf8 25.Bc3 Bc6 26.Ka2 Qb7 27.Qg5 Qc7 28.Qe3
Kh8 29.Qe1 Qb7 30.Bxa5 Bxe4 31.Bb6 Bd5 32.a5 Bxc4 33.bxc4 Ra8 34.Kb2 Nc6 
35.Kc1 Qa6 36.Qc3 f6 37.Rd1 h6 38.Rd7 Nxa5 39.Bxa5 Qxa5 40.Qd3 Qe1+ 41.Kc2
Ra2+ 42.Kb3 Ra8 43.Rd8+ Rxd8 44.Qxd8+ Kh7 45.Qd5 Qb1+ 46.Kc3 Qa1+ 47.Kb3 
Qd4 48.Qf3 Kg6 49.g4 Qf4 50.Qh3 e4 51.Qh5+ Kh7 52.Qxc5 e3 53.Qe7 Qf3 54.
Kc3 e2+ 55.Kd2 Qf4+ 56.Kxe2 Qxc4+ 57.Kf3 Qd3+ 58.Kf4 Qd4+ 59.Kf3 Qd1+ 60.
Kf4 Qf1+ 61.Kg3 Qd3+ 62.Kf4 Qc2 63.h4 Qf2+ 0-1

[Event "41st Pan-American U20"]
[Site "Guatape COL"]
[Date "2016.06.24"]
[Round "7.10"]
[White "Blandon, Luis Guillermo"]
[Black "Cuellar, Diego"]
[Result "0-1"]
[WhiteElo "2260"]
[BlackElo "2357"]
[EventDate "2016.06.20"]
[PlyCount "114"]

1.e4 e5 2.Nf3 Nc6 3.Bb5 f5 4.Nc3 fxe4 5.Nxe4 Nf6 6.Qe2 d5 7.Nxf6+ gxf6 8.
d4 Bg7 9.dxe5 O-O 10.e6 Qd6 11.O-O Bxe6 12.Bf4 Ne5 13.Nd4 c6 14.Bd3 Qd7 
15.Nxe6 Qxe6 16.c3 Rae8 17.Bc2 Ng6 18.Qxe6+ Rxe6 19.Be3 b6 20.Rfe1 Rfe8 
21.Bf5 R6e7 22.Kf1 Ne5 23.Bf4 Bf8 24.b3 Rd8 25.Rad1 Ree8 26.Bg3 Bd6 27.f4 
Rf8 28.Be6+ Nf7 29.Rd3 Kg7 30.Red1 Rfe8 31.Bxf7 Kxf7 32.c4 Re4 33.cxd5 c5 
34.Re1 Rde8 35.Rxe4 Rxe4 36.Kf2 f5 37.Kf3 c4 38.bxc4 Rxc4 39.Re3 Rd4 40.
Ke2 Rxd5 41.Rd3 Ke6 42.Rxd5 Kxd5 43.Kd3 b5 44.h3 a6 45.Bh2 h5 46.Bg3 Bb8 
47.Bh2 Bc7 48.Bg3 Bd6 49.Bh2 a5 50.Bg1 Bxf4 51.Bb6 a4 52.Kc3 Bd6 53.Bf2 
b4+ 54.Kd3 Be5 55.Be1 b3 56.axb3 a3 57.Bc3 a2 0-1

[Event "41st Pan-American U20"]
[Site "Guatape COL"]
[Date "2016.06.24"]
[Round "7.11"]
[White "Escalante Ramirez, Brian Sebas"]
[Black "Noboa, Kevin"]
[Result "1-0"]
[WhiteElo "2300"]
[BlackElo "2201"]
[EventDate "2016.06.20"]
[PlyCount "107"]

1.e4 e6 2.d4 d5 3.e5 c5 4.c3 Nc6 5.Nf3 Bd7 6.Bd3 Rc8 7.dxc5 Bxc5 8.b4 Bb6 
9.Na3 Bc7 10.Qe2 f6 11.exf6 Nxf6 12.b5 Ne7 13.O-O O-O 14.c4 Qe8 15.Ne5 Nf5
16.Bb2 Nd6 17.Rad1 Bb6 18.g3 Rd8 19.Nxd7 Qxd7 20.cxd5 exd5 21.Bxf6 Rxf6 
22.Qh5 Nf5 23.Nc4 Qf7 24.Qxf7+ Kxf7 25.Nxb6 axb6 26.Bc4 Rfd6 27.Bb3 Kf6 
28.g4 Ne7 29.Rd4 Ke5 30.Ra4 g5 31.f4+ gxf4 32.Re1+ Kf6 33.Rxf4+ Kg5 34.Rf7
Ng6 35.Rxh7 Kxg4 36.Rf1 Kg5 37.Bd1 Nf4 38.h4+ Kf5 39.Rf7+ Ke5 40.R1xf4 
Rg6+ 41.Kf2 Rc8 42.R7f5+ Ke6 43.Bb3 Rc5 44.Rg5 Rh6 45.Re4+ Kd6 46.Rd4 Rxb5
47.Rdxd5+ Rxd5 48.Rxd5+ Kc6 49.Kg3 b5 50.h5 Kb6 51.Kg4 Rh8 52.Kg5 Rg8+ 53.
Kf6 Rf8+ 54.Kg7 1-0

[Event "41st Pan-American U20"]
[Site "Guatape COL"]
[Date "2016.06.24"]
[Round "7.12"]
[White "Squella Lavin, Carlos Felipe"]
[Black "Gonzalez Lopez, Nicolas Mateo"]
[Result "1-0"]
[WhiteElo "2221"]
[BlackElo "2100"]
[EventDate "2016.06.20"]
[PlyCount "67"]

1.d4 Nf6 2.c4 g6 3.Nc3 Bg7 4.g3 O-O 5.Bg2 d6 6.Nf3 Nbd7 7.O-O e5 8.h3 a5 
9.e4 c6 10.dxe5 dxe5 11.Be3 Qe7 12.Qc2 Ne8 13.Ne1 Nc7 14.f4 Ne6 15.f5 Nd4 
16.Qf2 Rd8 17.Rd1 Qb4 18.Nf3 Nxf3+ 19.Bxf3 f6 20.c5 Bf8 21.Be2 Re8 22.fxg6
hxg6 23.Bg4 f5 24.exf5 Nf6 25.fxg6 Bg7 26.Bxc8 Raxc8 27.Qe2 Re6 28.a3 Qb3 
29.h4 Nd5 30.Rxd5 cxd5 31.Qh5 Rxg6 32.Qxg6 d4 33.Bh6 Rc7 34.Ne4 1-0

[Event "41st Pan-American U20"]
[Site "Guatape COL"]
[Date "2016.06.24"]
[Round "7.13"]
[White "Oliva Meneses, Juan Carlos"]
[Black "Rosero, Jefferson"]
[Result "1-0"]
[WhiteElo "2216"]
[BlackElo "2090"]
[EventDate "2016.06.20"]
[PlyCount "95"]

1.d4 Nf6 2.c4 c5 3.d5 b5 4.cxb5 a6 5.bxa6 d6 6.Nc3 Bxa6 7.Nf3 g6 8.g3 Nfd7
9.e4 Bg7 10.Bxa6 Nxa6 11.O-O O-O 12.Bd2 c4 13.Qe2 Qc7 14.a4 Qb7 15.Qxc4 f5
16.exf5 Rxf5 17.Nd4 Rf7 18.Qc6 Qb8 19.Qxd7 Bxd4 20.Ne4 Qxb2 21.Rab1 Qc2 
22.Qc6 Qxc6 23.dxc6 Rc8 24.Rbc1 Nc5 25.Nxc5 Bxc5 26.Be3 Rf5 27.Bxc5 Rxc5 
28.Rxc5 dxc5 29.Kg2 Kf7 30.Kf3 Rxc6 31.Ra1 c4 32.a5 c3 33.a6 c2 34.a7 Rc3+
35.Ke2 c1=Q 36.Rxc1 Ra3 37.Rc7 Ke6 38.Kd2 h5 39.h4 Kd6 40.Rb7 Ke6 41.Kc2 
Kd6 42.Kb2 Ra6 43.Kc3 Ra4 44.Kd3 Ke6 45.Ke3 Kf6 46.Kd3 Ke6 47.Kc3 Ra1 48.
Kd4 1-0